Biopolicy international (Registro nro. 16718)
[ vista simple ]
| 000 -CABECERA | |
|---|---|
| Campo de control | 00635aasaa2200217 a 4500 |
| 005 - FECHA Y HORA DE LA ULTIMA TRANSACCION | |
| Campo de control | 20180803170113.0 |
| 008 - ELEMENTOS DE LONGITUD FIJA—INFORMACION GENERAL | |
| Campo de control | 170509s1990 ke u||||r|||| 00| 0 eng d |
| 040 ## - FUENTE DE CATALOGACIÓN | |
| Agencia catalogadora original | CO-BoIAVH |
| Agencia transcriptora | CO-BoIAVH |
| 041 0# - IDIOMA | |
| Código de idioma para texto/pista de sonido o título separado | Inglés |
| 044 ## - PAÍS DE PUBLICACIÓN | |
| País de publicación | Kenia |
| 090 ## - CLASIFICACIÓN LOCAL | |
| Colección | SE- |
| 245 10 - MENCION DE TITULO | |
| Título | Biopolicy international |
| 260 ## - PUBLICACION, DISTRIBUCION, ETC. (PIE DE IMPRENTA) | |
| Lugar de publicación, distribución, etc. | Nairobi (Kenia) : |
| Nombre del editor, distribuidor, etc. | African Centre of Technology Studies, |
| Fecha de publicación, distribución, etc. | 1990-. |
| 300 ## - DESCRIPCION FISICA | |
| Dimensiones | 20 x 14 cm. |
| 310 ## - FRECUENCIA ACTUAL DE LA PUBLICACIÓN | |
| Frecuencia actual de la publicación | Desconocido |
| 650 14 - ASIENTO SECUNDARIO DE MATERIA - TERMINO TEMATICO | |
| Término temático o nombre geográfico como elemento de entrada | Biopolítica |
| Subdivisión de forma | Publicaciones periódicas |
| 9 (RLIN) | 81401 |
| 650 26 - ASIENTO SECUNDARIO DE MATERIA - TERMINO TEMATICO | |
| Término temático o nombre geográfico como elemento de entrada | Biotecnología |
| 9 (RLIN) | 92825 |
| 650 26 - ASIENTO SECUNDARIO DE MATERIA - TERMINO TEMATICO | |
| Término temático o nombre geográfico como elemento de entrada | Recursos genéticos |
| 9 (RLIN) | 92757 |
| 710 2# - ASIENTO SECUNDARIO - NOMBRE CORPORATIVO | |
| Nombre corporativo o de jurisdicción como elemento de entrada | African Centre of Technology Studies |
| 9 (RLIN) | 81404 |
| 942 ## - ELEMENTOS ADICIONALES (KOHA) | |
| Tipo de ítem | Periodica o revista |
| Sistema de clasificación | Local |
| Serial record | 1 |
| Withdrawn status | Lost status | Sistema de Clasificación | Damaged status | No para préstamo | Colección | Fecha publicación (Año) | Número revista | Inventariado | Ubicación Permanente | Ubicación actual | Fecha de adquisición | Datos de publicación Seriada | Total Checkouts | Número topográfico | Inventario / Código de Barras | Date last seen | Ejemplar | Price effective from | Forma de adquisición | Tipo de material |
|---|---|---|---|---|---|---|---|---|---|---|---|---|---|---|---|---|---|---|---|---|
| Local | Hemeroteca | 1996 | 17 | Inventariado 2017 | Bogotá | Bogotá | 09/05/2017 | Número 17 | SE | 006035 | 09/05/2017 | Ej. 1 | 09/05/2017 | Donación | Periodica o revista | |||||
| Local | Hemeroteca | 1992 | 5 | Inventariado 2017 | Bogotá | Bogotá | 09/05/2017 | Número 5 | SE | 006032 | 09/05/2017 | Ej. 1 | 09/05/2017 | Donación | Periodica o revista | |||||
| Local | Hemeroteca | 1993 | 13 | Inventariado 2017 | Bogotá | Bogotá | 09/05/2017 | Número 13 | SE | 006034 | 09/05/2017 | Ej. 1 | 09/05/2017 | Donación | Periodica o revista | |||||
| Local | Hemeroteca | 1993 | 12 | Inventariado 2017 | Bogotá | Bogotá | 09/05/2017 | Número 12 | SE | 006033 | 09/05/2017 | Ej. 1 | 09/05/2017 | Donación | Periodica o revista | |||||
| Local | Hemeroteca | 1990 | 1 | Inventariado 2017 | Bogotá | Bogotá | 09/05/2017 | Número 1 | SE | 006031 | 09/05/2017 | Ej. 1 | 09/05/2017 | Donación | Periodica o revista |